|
|
|
|
| LEADER |
00803nam a22002171 4500 |
| 001 |
c000198711 |
| 003 |
CARM |
| 005 |
20021125001800.0 |
| 008 |
851029s1977 enk 0 eng d |
| 019 |
1 |
|
|a 3414028
|z 4015063
|z 23905094
|5 LACONCORD2021
|
| 035 |
|
|
|a (OCoLC)5055358
|5 LACONCORD2021
|
| 100 |
1 |
|
|a Caute, David,
|d 1936-
|
| 245 |
1 |
4 |
|a The fellow-travellers /
|c a postscript to the enlightenment / David Caute.
|
| 260 |
|
|
|a London :
|b Quartet Books,
|c 1977.
|
| 300 |
|
|
|a 433 p.
|
| 650 |
|
0 |
|a Ideology, Political.
|
| 650 |
|
0 |
|a Fellow travellers.
|
| 852 |
8 |
|
|b CARM
|h A2:AO30A0
|i B06479
|p 0299711
|f BK
|
| 082 |
0 |
4 |
|a 320.532
|
| 999 |
f |
f |
|i 4f1b80c6-bdc4-5094-a63d-d57b79ff4b78
|s fd3efafb-e8b4-5a78-a506-2b06fa9563d1
|
| 952 |
f |
f |
|p Can circulate
|a CAVAL
|b CAVAL
|c CAVAL
|d CARM 1 Store
|e B06479
|f A2:AO30A0
|h Other scheme
|i book
|m 0299711
|